[Event "FRM-chT 31st"]
[Site "Ohrid"]
[Date "2023.08.28"]
[Round "3.4"]
[White "Jankov, Dejan"]
[Black "Vladimirov, Vladimir"]
[Result "1/2-1/2"]
[WhiteElo "2122"]
[BlackElo "2131"]
[PlyCount "31"]
[EventDate "2023.08.26"]
[EventType "team-tourn"]
[EventRounds "7"]
[EventCountry "MKD"]
[SourceTitle "EXT 2024"]
[Source "ChessBase"]
[SourceDate "2023.10.10"]
[SourceVersion "1"]
[SourceVersionDate "2023.10.10"]
[SourceQuality "1"]
[WhiteTeam "Skopje Shkupi"]
[BlackTeam "Shipkovica Anpasan"]
[WhiteTeamCountry "MKD"]
[BlackTeamCountry "MKD"]

1. c4 g6 2. Nc3 Bg7 3. g3 c5 4. Bg2 Nc6 5. Nf3 d6 6. 0-0 Nf6 7. d4 cxd4 8. Nxd4 Bd7 9. Nc2 0-0 10. b3 Qa5 11. Nd5 Nxd5 12. cxd5 Nb8 13. Bd2 Qa6 14. Nb4 Qb6 15. Rc1 Rc8 16. Nc2 1/2-1/2

[Event "FRM-chT2 Final"]
[Site "Ohrid"]
[Date "2022.07.24"]
[Round "3.3"]
[White "Gjorgjieski, Dejan"]
[Black "Jankov, Dejan"]
[Result "1/2-1/2"]
[WhiteElo "2116"]
[BlackElo "2138"]
[PlyCount "37"]
[EventDate "2022.07.24"]
[EventType "team-tourn"]
[EventRounds "3"]
[EventCountry "MKD"]
[SourceTitle "EXT 2023"]
[Source "ChessBase"]
[SourceDate "2022.10.05"]
[SourceVersion "1"]
[SourceVersionDate "2022.10.05"]
[SourceQuality "1"]
[WhiteTeam "Pelagon"]
[BlackTeam "Shkupi"]
[WhiteTeamCountry "MKD"]
[BlackTeamCountry "MKD"]

1. d4 d5 2. Nf3 e6 3. c4 Nf6 4. Nc3 Be7 5. Bf4 c6 6. e3 Nbd7 7. Qc2 0-0 8. cxd5 exd5 9. Bd3 Re8 10. 0-0-0 Nf8 11. h3 Be6 12. Kb1 a6 13. Ne5 Rc8 14. Na4 Bd6 15. Bg5 Ng6 16. Bxf6 Qxf6 17. f4 Nf8 18. Nc5 Rc7 19. g4 1/2-1/2

[Event "FRM-chT2 Gp-B"]
[Site "Ohrid"]
[Date "2022.07.23"]
[Round "5.3"]
[White "Bozhinoski, Mile"]
[Black "Jankov, Dejan"]
[Result "0-1"]
[WhiteElo "1157"]
[BlackElo "2138"]
[PlyCount "38"]
[EventDate "2022.07.21"]
[EventType "team-tourn"]
[EventRounds "5"]
[EventCountry "MKD"]
[SourceTitle "CBM 210 Extra"]
[Source "ChessBase"]
[SourceDate "2022.11.30"]
[SourceVersion "1"]
[SourceVersionDate "2022.11.30"]
[SourceQuality "1"]
[WhiteTeam "Bitola Shah Sheh"]
[BlackTeam "Shkupi"]
[WhiteTeamCountry "MKD"]
[BlackTeamCountry "MKD"]

1. d4 Nf6 2. c4 e6 3. Nc3 d5 4. e3 c6 5. Nf3 Bd6 6. cxd5 exd5 7. Be2 0-0 8. 0-0 Re8 9. Qc2 Nbd7 10. h3 Qe7 11. Bd3 Ne4 12. Bd2 Nf8 13. Rae1 Bf5 14. Bxe4 dxe4 15. Nh2 Qg5 16. Kh1 Qh4 17. f4 exf3 18. Qxf5 fxg2+ 19. Kxg2 Qg3+ 0-1

[Event "Skopje op"]
[Site "Skopje"]
[Date "2019.12.10"]
[Round "7"]
[White "Vanden Bussche, Steven"]
[Black "Jankov, Dejan"]
[Result "1/2-1/2"]
[WhiteElo "2074"]
[BlackElo "2175"]
[PlyCount "127"]
[EventDate "2019.12.06"]
[EventType "swiss"]
[EventRounds "9"]
[EventCountry "MKD"]
[SourceTitle "CBM 193 Extra"]
[Source "ChessBase"]
[SourceDate "2020.01.31"]
[SourceVersion "1"]
[SourceVersionDate "2020.01.31"]
[SourceQuality "1"]

1. d4 Nf6 2. Bf4 c5 3. e3 cxd4 4. exd4 g6 5. c3 Bg7 6. Nd2 d6 7. Ngf3 0-0 8. Be2 Nc6 9. 0-0 Bf5 10. h3 Re8 11. Nc4 Nd5 12. Bg3 b5 13. Ne3 Nxe3 14. fxe3 Qb6 15. Nh4 Bd7 16. Qb3 Rf8 17. Bxb5 Nxd4 18. exd4 Bxb5 19. Rf2 e5 20. dxe5 dxe5 21. Nf3 Rae8 22. Re1 Qc5 23. Nd2 Bd3 24. Ne4 Qc6 25. Ng5 h6 26. Nf3 e4 27. Nd4 Qc5 28. Bf4 Kh7 29. Be3 Qc7 30. Qa4 a6 31. Ne2 f5 32. Bd4 Bb5 33. Qb4 Bxe2 34. Bxg7 Qxg7 35. Rfxe2 Rd8 36. Qb6 Qf6 37. Qxf6 Rxf6 38. c4 a5 39. Rc2 Rd3 40. c5 Rc6 41. Rb1 Rd5 42. Rbc1 Kg7 43. b3 Kf6 44. a3 Rd3 45. Rb2 Ke5 46. b4 axb4 47. axb4 Kd4 48. Kf2 g5 49. Ke2 f4 50. Kf2 e3+ 51. Ke2 Rc3 52. Rbb1 Rd3 53. Rc2 Rc3 54. Rxc3 Kxc3 55. b5 Rxc5 56. b6 Kc2 57. b7 Kxb1 58. b8Q+ Kc1 59. Qa7 Rc2+ 60. Ke1 Kb2 61. Qb6+ Kc3 62. Qc5+ Kd3 63. Qd5+ Kc3 64. Qc5+ 1/2-1/2

[Event "Skopje op"]
[Site "Skopje"]
[Date "2019.12.09"]
[Round "6"]
[White "Jankov, Dejan"]
[Black "Dimkovski, Stojancho"]
[Result "1-0"]
[WhiteElo "2175"]
[BlackElo "1921"]
[PlyCount "111"]
[EventDate "2019.12.06"]
[EventType "swiss"]
[EventRounds "9"]
[EventCountry "MKD"]
[SourceTitle "CBM 193 Extra"]
[Source "ChessBase"]
[SourceDate "2020.01.31"]
[SourceVersion "1"]
[SourceVersionDate "2020.01.31"]
[SourceQuality "1"]

1. d4 Nf6 2. Nf3 g6 3. g3 Bg7 4. Bg2 c5 5. d5 d6 6. 0-0 0-0 7. Nc3 Nbd7 8. h3 Rb8 9. a4 b6 10. e4 a6 11. Qe2 Ne8 12. Bf4 Ne5 13. Nd2 Nc7 14. Be3 b5 15. f4 Nd7 16. Nf3 bxa4 17. Nxa4 a5 18. Rfd1 Ba6 19. Qf2 Na8 20. c3 Nab6 21. Nxb6 Qxb6 22. Rd2 Qc7 23. Rdd1 Rb3 24. Bc1 Rfb8 25. Nd2 R3b7 26. Bf1 Bxf1 27. Qxf1 Rc8 28. Nc4 Ra8 29. Ra4 Rba7 30. Re1 Nb6 31. Nxb6 Qxb6 32. Qc4 Qc7 33. Bd2 Rb8 34. Rb1 Rab7 35. Bc1 Rb3 36. Rba1 R3b5 37. R1a3 Qb6 38. Qa2 Ra8 39. Kf1 Bf6 40. Ke2 h5 41. Kd3 Kh7 42. c4 Rb4 43. b3 Rxa4 44. Rxa4 e6 45. Bd2 exd5 46. exd5 Bd8 47. Bc3 Qc7 48. Qe2 Qd7 49. g4 Bc7 50. Qf3 Re8 51. f5 Qe7 52. fxg6+ fxg6 53. gxh5 Rf8 54. hxg6+ Kxg6 55. Qg4+ Kf7 56. Qh5+ 1-0

[Event "Skopje op"]
[Site "Skopje"]
[Date "2019.12.07"]
[Round "2"]
[White "Jankov, Dejan"]
[Black "Shuqja, Klean"]
[Result "0-1"]
[WhiteElo "2175"]
[BlackElo "1729"]
[PlyCount "122"]
[EventDate "2019.12.06"]
[EventType "swiss"]
[EventRounds "9"]
[EventCountry "MKD"]
[SourceTitle "CBM 193 Extra"]
[Source "ChessBase"]
[SourceDate "2020.01.31"]
[SourceVersion "1"]
[SourceVersionDate "2020.01.31"]
[SourceQuality "1"]

1. d4 Nf6 2. Nf3 g6 3. g3 Bg7 4. Bg2 d5 5. 0-0 0-0 6. c4 c6 7. cxd5 Nxd5 8. e4 Nb6 9. h3 Be6 10. Nc3 Bc4 11. Re1 N8d7 12. b3 Ba6 13. Be3 e6 14. Qd2 Re8 15. Rad1 Qc7 16. Bh6 Bh8 17. e5 Nd5 18. Ne4 Bg7 19. Nd6 Rf8 20. h4 N7b6 21. h5 Nc8 22. Ne4 Nce7 23. hxg6 Nxg6 24. Qg5 f5 25. exf6 Bxf6 26. Qh5 Rfe8 27. Neg5 e5 28. dxe5 Bxe5 29. Nxe5 Rxe5 30. Rxe5 Qxe5 31. Qf3 Nf6 32. Rd7 Ne7 33. Bh3 Be2 34. Be6+ Qxe6 35. Nxe6 Bxf3 36. Rxe7 Re8 37. Rxe8+ Nxe8 38. Be3 b6 39. Nd4 Bd5 40. f4 Nf6 41. Nf5 Kf8 42. Bd4 Ng4 43. Kf1 c5 44. Bg1 c4 45. bxc4 Bxc4+ 46. Ke1 Bxa2 47. Nd6 Be6 48. Nb5 Bd7 49. Nxa7 b5 50. Kd2 Nf6 51. Kd3 Ke7 52. Bc5+ Ke6 53. Kd4 Nh5 54. Bf8 Nxg3 55. Kc5 h5 56. Nxb5 Bxb5 57. Kxb5 h4 58. Bc5 h3 59. Bg1 Kf5 60. Kc4 Kxf4 61. Kd3 Kf3 0-1

[Event "FRM-chT 24th"]
[Site "Struga"]
[Date "2015.07.24"]
[Round "5"]
[White "Gjorgjieski, Dejan"]
[Black "Jankov, Dejan"]
[Result "1-0"]
[WhiteElo "2154"]
[BlackElo "2198"]
[PlyCount "76"]
[EventDate "2015.07.20"]
[EventType "team-tourn"]
[EventRounds "7"]
[EventCountry "MKD"]
[SourceTitle "CBM 167 Extra"]
[Source "ChessBase"]
[SourceDate "2015.09.14"]
[SourceVersion "1"]
[SourceVersionDate "2015.09.14"]
[SourceQuality "1"]
[WhiteTeam "Prilep"]
[BlackTeam "Bitola Stevo Patako"]
[WhiteTeamCountry "MKD"]
[BlackTeamCountry "MKD"]

1. d4 Nf6 2. Nf3 g6 3. c4 c5 4. Nc3 cxd4 5. Nxd4 Bg7 6. e3 Nc6 7. Be2 0-0 8. 0-0 d6 9. b3 Bd7 10. Bb2 a6 11. Qd2 Rb8 12. Rfd1 b5 13. cxb5 Nxd4 14. Qxd4 axb5 15. b4 Bc6 16. Qd2 Qb6 17. a4 bxa4 18. b5 Ne4 19. Nxe4 Bxb2 20. Qxb2 Bxe4 21. Rxa4 Qb7 22. Bf1 Rfc8 23. Rda1 Ra8 24. Qd4 Rxa4 25. Rxa4 Bxg2 26. Bxg2 Rc1+ 27. Bf1 e5 28. Qb2 Rd1 29. Ra1 Qf3 30. h3 Qxh3 31. Rxd1 Qg4+ 32. Kh2 Qxd1 33. Be2 Qa4 34. b6 Qh4+ 35. Kg2 Qg5+ 36. Kf1 Qh4 37. Bf3 Qh3+ 38. Bg2 Qg4 1-0

[Event "FRM-chT 24th"]
[Site "Struga"]
[Date "2015.07.21"]
[Round "2"]
[White "Jankov, Dejan"]
[Black "Jovanovski, Vasko"]
[Result "0-1"]
[WhiteElo "2198"]
[BlackElo "2160"]
[PlyCount "126"]
[EventDate "2015.07.20"]
[EventType "team-tourn"]
[EventRounds "7"]
[EventCountry "MKD"]
[SourceTitle "CBM 167 Extra"]
[Source "ChessBase"]
[SourceDate "2015.09.14"]
[SourceVersion "1"]
[SourceVersionDate "2015.09.14"]
[SourceQuality "1"]
[WhiteTeam "Bitola Stevo Patako"]
[BlackTeam "Gostivar"]
[WhiteTeamCountry "MKD"]
[BlackTeamCountry "MKD"]

1. d4 Nf6 2. Nf3 e6 3. c4 d5 4. Nc3 b6 5. cxd5 exd5 6. Bg5 Be7 7. e3 Bb7 8. Bd3 0-0 9. Qc2 h6 10. Bxf6 Bxf6 11. 0-0 Re8 12. Rac1 a6 13. b4 Nd7 14. Ne2 Rc8 15. Bf5 c6 16. Nf4 Ra8 17. Nd3 Nb8 18. a4 Be7 19. Qb3 g6 20. Bh3 Bd6 21. Nfe5 Kg7 22. g3 f6 23. Nf3 Ra7 24. Rc2 Re7 25. Rfc1 b5 26. a5 Rc7 27. Nc5 Bxc5 28. Rxc5 Bc8 29. Bxc8 Qxc8 30. Kg2 Qe6 31. Nd2 h5 32. e4 Rd7 33. exd5 Rxd5 34. Rxd5 cxd5 35. Rc5 Rd7 36. Qc2 Rd6 37. Rc7+ Kh6 38. Nf3 Rc6 39. Qd2+ g5 40. Ra7 Kg6 41. Qd3+ Qe4 42. Qxe4+ dxe4 43. Nd2 Kf5 44. Nf1 Rd6 45. Ne3+ Kg6 46. d5 f5 47. Rb7 Nd7 48. Rc7 Ne5 49. Rc5 f4 50. Nc2 Kf6 51. gxf4 gxf4 52. Nd4 Nc4 53. Nc6 Ne5 54. Nd4 Nd7 55. Rc6 Ke5 56. Nxb5 axb5 57. a6 Rxc6 58. dxc6 Nb6 59. c7 Nc8 60. Kf1 Kd6 61. Ke2 Kxc7 62. Kd2 Kc6 63. Kc3 Kd5 0-1

[Event "FRM-chT 24th"]
[Site "Struga"]
[Date "2015.07.20"]
[Round "1"]
[White "Nedev, Trajce"]
[Black "Jankov, Dejan"]
[Result "1-0"]
[WhiteElo "2466"]
[BlackElo "2198"]
[PlyCount "63"]
[EventDate "2015.07.20"]
[EventType "team-tourn"]
[EventRounds "7"]
[EventCountry "MKD"]
[SourceTitle "CBM 167 Extra"]
[Source "ChessBase"]
[SourceDate "2015.09.14"]
[SourceVersion "1"]
[SourceVersionDate "2015.09.14"]
[SourceQuality "1"]
[WhiteTeam "Skopje Alkaloid"]
[BlackTeam "Bitola Stevo Patako"]
[WhiteTeamCountry "MKD"]
[BlackTeamCountry "MKD"]

1. e4 e5 2. Nf3 Nf6 3. Nxe5 d6 4. Nf3 Nxe4 5. d4 d5 6. Bd3 Nc6 7. 0-0 Be7 8. Nc3 Nxc3 9. bxc3 Bg4 10. Rb1 Rb8 11. h3 Bh5 12. Re1 0-0 13. c4 dxc4 14. Bxc4 Bxf3 15. Qxf3 Nxd4 16. Qg4 c5 17. c3 Nc6 18. Bf4 Bf6 19. Bxb8 Qxb8 20. Bd5 Ne5 21. Qf5 b6 22. Rbd1 Ng6 23. Re3 Ne7 24. Qd7 Nxd5 25. Rxd5 g6 26. Qc6 Qf4 27. Rd7 Be5 28. g3 Qf6 29. Qxf6 Bxf6 30. Rxa7 b5 31. Rb7 Ra8 32. Rxb5 1-0

[Event "Skopje Karposh op"]
[Site "Skopje"]
[Date "2013.03.11"]
[Round "4"]
[White "Tosic, Miroslav"]
[Black "Jankov, Dejan"]
[Result "1-0"]
[WhiteElo "2408"]
[BlackElo "2207"]
[PlyCount "75"]
[EventDate "2013.03.09"]
[EventType "swiss"]
[EventRounds "9"]
[EventCountry "MKD"]
[SourceTitle "CBM 153 Extra"]
[Source "ChessBase"]
[SourceDate "2013.04.22"]
[SourceVersion "1"]
[SourceVersionDate "2013.04.22"]
[SourceQuality "1"]

1. d4 Nf6 2. c4 e6 3. Nf3 d5 4. g3 Be7 5. Bg2 0-0 6. 0-0 dxc4 7. Qa4 Qd5 8. Nc3 Qc6 9. Qc2 Nbd7 10. a4 Nb6 11. Ne5 Qe8 12. a5 Nbd5 13. Nxc4 a6 14. e4 Nxc3 15. bxc3 Bd7 16. Ne5 c5 17. d5 exd5 18. exd5 Qd8 19. Re1 Ne8 20. Nc4 Nd6 21. Nb6 Rb8 22. Bf4 Bf5 23. Qb3 Bf6 24. Rac1 g5 25. Be3 Qc7 26. Qa3 c4 27. Bc5 Rfd8 28. Bxd6 Rxd6 29. Nxc4 Rdd8 30. Qb4 Bd3 31. Nb6 Bf5 32. c4 Re8 33. d6 Qd8 34. Nd5 Re6 35. c5 Kg7 36. Rxe6 Bxe6 37. Nxf6 Kxf6 38. Bxb7 1-0

[Event "Skopje Karposh op"]
[Site "Skopje"]
[Date "2013.03.10"]
[Round "3"]
[White "Jankov, Dejan"]
[Black "Aksoy, Atilla"]
[Result "1-0"]
[WhiteElo "2207"]
[BlackElo "1791"]
[PlyCount "45"]
[EventDate "2013.03.09"]
[EventType "swiss"]
[EventRounds "9"]
[EventCountry "MKD"]
[SourceTitle "CBM 153 Extra"]
[Source "ChessBase"]
[SourceDate "2013.04.22"]
[SourceVersion "1"]
[SourceVersionDate "2013.04.22"]
[SourceQuality "1"]

1. d4 Nf6 2. c4 e6 3. Nf3 c5 4. e3 cxd4 5. exd4 d5 6. Bd3 dxc4 7. Bxc4 Be7 8. 0-0 0-0 9. Nc3 Nbd7 10. Qe2 Nb6 11. Bd3 Nbd5 12. Rd1 a6 13. Ne5 Bd7 14. Bg5 Rc8 15. Rac1 Nxc3 16. bxc3 Ba4 17. Re1 Ba3 18. Ng4 Bxc1 19. Rxc1 Kh8 20. Nxf6 Qa5 21. Qe4 Qf5 22. Qe3 Qa5 23. Qh3 1-0

[Event "FRM-chT 20th"]
[Site "Struga"]
[Date "2011.08.14"]
[Round "7"]
[White "Jankov, Dejan"]
[Black "Hristovski, Srdzan"]
[Result "1-0"]
[WhiteElo "2221"]
[BlackElo "2145"]
[PlyCount "91"]
[EventDate "2011.08.08"]
[EventType "team-tourn"]
[EventRounds "7"]
[EventCountry "MKD"]
[SourceTitle "CBM 143 Extra"]
[Source "ChessBase"]
[SourceDate "2011.08.29"]
[SourceVersion "1"]
[SourceVersionDate "2011.08.29"]
[SourceQuality "1"]
[WhiteTeam "Skopje Milenium"]
[BlackTeam "Kumanovo"]
[WhiteTeamCountry "MKD"]
[BlackTeamCountry "MKD"]

1. c4 e6 2. Nf3 d5 3. d4 Nf6 4. e3 Be7 5. Bd3 0-0 6. 0-0 b6 7. Qc2 Bb7 8. Nbd2 Nbd7 9. e4 dxe4 10. Nxe4 Nxe4 11. Bxe4 Bxe4 12. Qxe4 Nf6 13. Qe2 c5 14. Rd1 cxd4 15. Nxd4 Qc7 16. b3 Rfd8 17. Bb2 h6 18. h3 Rac8 19. Rd3 Qf4 20. Rad1 Qc7 21. Nb5 Qb8 22. Be5 Qa8 23. Nd6 Bxd6 24. Bxf6 gxf6 25. Rxd6 Rxd6 26. Rxd6 Rd8 27. Qg4+ Kf8 28. Qd4 Rxd6 29. Qxd6+ Kg7 30. f3 Qb7 31. b4 Qa6 32. c5 Qc4 33. cxb6 axb6 34. Qxb6 Qxa2 35. Qc5 Qa3 36. Kh2 e5 37. Qc4 Qa4 38. f4 h5 39. fxe5 fxe5 40. Qc5 Qe8 41. b5 e4 42. Kg1 Qd7 43. b6 Qd3 44. Kh2 h4 45. Qe5+ f6 46. Qc7+ 1-0

[Event "FRM-chT 20th"]
[Site "Struga"]
[Date "2011.08.12"]
[Round "5"]
[White "Jankov, Dejan"]
[Black "Simjanovski, Saso"]
[Result "1/2-1/2"]
[WhiteElo "2221"]
[BlackElo "2262"]
[PlyCount "23"]
[EventDate "2011.08.08"]
[EventType "team-tourn"]
[EventRounds "7"]
[EventCountry "MKD"]
[SourceTitle "CBM 143 Extra"]
[Source "ChessBase"]
[SourceDate "2011.08.29"]
[SourceVersion "1"]
[SourceVersionDate "2011.08.29"]
[SourceQuality "1"]
[WhiteTeam "Skopje Milenium"]
[BlackTeam "Skopje Kisela Voda"]
[WhiteTeamCountry "MKD"]
[BlackTeamCountry "MKD"]

1. c4 g6 2. g3 Bg7 3. Bg2 d6 4. e3 Nc6 5. Nc3 e5 6. d3 Nf6 7. Nge2 h5 8. h3 Be6 9. Nd5 Qd7 10. Qa4 Bxd5 11. cxd5 Ne7 12. Qxd7+ 1/2-1/2

[Event "FRM-chT 19th"]
[Site "Struga"]
[Date "2010.08.13"]
[Round "5"]
[White "Nestorovic, Lazar"]
[Black "Jankov, Dejan"]
[Result "1-0"]
[WhiteElo "2310"]
[BlackElo "2202"]
[PlyCount "53"]
[EventDate "2010.08.09"]
[EventType "team"]
[EventRounds "7"]
[EventCountry "MKD"]
[SourceTitle "CBM 137 Extra"]
[Source "ChessBase"]
[SourceDate "2010.09.01"]
[SourceVersion "1"]
[SourceVersionDate "2010.09.01"]
[SourceQuality "1"]

1. e4 e5 2. Nf3 Nf6 3. Nxe5 d6 4. Nf3 Nxe4 5. d4 d5 6. Bd3 Nc6 7. 0-0 Be7 8. c4 Nb4 9. Be2 0-0 10. Nc3 Nxc3 11. bxc3 Nc6 12. cxd5 Qxd5 13. Bf4 Bf5 14. Nd2 Qd7 15. Re1 Rfe8 16. Qb3 Bd6 17. Be3 Na5 18. Qb2 b6 19. Rad1 Re7 20. c4 Rae8 21. c5 bxc5 22. dxc5 Rxe3 23. fxe3 Bxc5 24. Nb3 Bxe3+ 25. Kh1 Qe6 26. Nxa5 Bf2 27. Rf1 1-0

[Event "Skopje-ch"]
[Site "Skopje"]
[Date "2007.06.07"]
[Round "9"]
[White "Jankov, Dejan"]
[Black "Miskoski, Misko"]
[Result "1-0"]
[WhiteElo "2201"]
[BlackElo "2008"]
[PlyCount "67"]
[EventDate "2007.05.30"]
[EventType "swiss"]
[EventRounds "9"]
[EventCountry "MKD"]
[SourceTitle "EXT 2008"]
[Source "ChessBase"]
[SourceDate "2007.11.25"]
[SourceVersion "1"]
[SourceVersionDate "2007.11.25"]
[SourceQuality "1"]

1. Nf3 Nf6 2. c4 g6 3. Nc3 Bg7 4. g3 0-0 5. Bg2 d6 6. d4 Nc6 7. d5 Na5 8. Nd2 c5 9. 0-0 a6 10. e4 Rb8 11. a4 Bd7 12. Qe2 e6 13. Rb1 exd5 14. cxd5 c4 15. Nxc4 Nb3 16. Bf4 b5 17. axb5 axb5 18. Nxd6 b4 19. Ncb5 Qb6 20. Qc2 Na5 21. Be3 Qa6 22. e5 Nxd5 23. Bxd5 Bxb5 24. Nxb5 Qxb5 25. Qe4 Rfd8 26. Rfd1 Rbc8 27. e6 fxe6 28. Bxe6+ Kh8 29. Bxc8 Rxc8 30. Bd4 Re8 31. Bxg7+ Kxg7 32. Qd4+ Kg8 33. Re1 Rc8 34. Re7 1-0

[Event "Skopje-ch"]
[Site "Skopje"]
[Date "2007.06.01"]
[Round "3"]
[White "Jankov, Dejan"]
[Black "Bekarovski, Filip"]
[Result "1-0"]
[WhiteElo "2201"]
[BlackElo "1921"]
[PlyCount "71"]
[EventDate "2007.05.30"]
[EventType "swiss"]
[EventRounds "9"]
[EventCountry "MKD"]
[SourceTitle "EXT 2008"]
[Source "ChessBase"]
[SourceDate "2007.11.25"]
[SourceVersion "1"]
[SourceVersionDate "2007.11.25"]
[SourceQuality "1"]

1. Nf3 Nf6 2. c4 g6 3. Nc3 Bg7 4. g3 0-0 5. Bg2 d6 6. d4 Nc6 7. d5 Na5 8. Nd2 Nh5 9. Qc2 b6 10. 0-0 f5 11. e3 Bd7 12. b4 Nb7 13. Bb2 Qe8 14. Rac1 g5 15. Nb5 Qc8 16. Nd4 Bxd4 17. Bxd4 c5 18. Ba1 cxb4 19. Nf3 g4 20. Nd4 Nc5 21. f3 Nf6 22. fxg4 Nxg4 23. e4 Ne3 24. Qd2 Nxf1 25. Qg5+ Kf7 26. Qh5+ Kg8 27. Qg5+ Kf7 28. Rxf1 Ke8 29. exf5 Nd3 30. h3 Qxc4 31. Ne6 Bxe6 32. dxe6 Rc8 33. Bg7 Rg8 34. f6 exf6 35. Qh5+ Kd8 36. Bxf6+ 1-0

[Event "Skopje-ch"]
[Site "Skopje"]
[Date "2007.05.31"]
[Round "2"]
[White "Danchevski, Orce"]
[Black "Jankov, Dejan"]
[Result "1-0"]
[WhiteElo "2419"]
[BlackElo "2201"]
[PlyCount "39"]
[EventDate "2007.05.30"]
[EventType "swiss"]
[EventRounds "9"]
[EventCountry "MKD"]
[SourceTitle "EXT 2008"]
[Source "ChessBase"]
[SourceDate "2007.11.25"]
[SourceVersion "1"]
[SourceVersionDate "2007.11.25"]
[SourceQuality "1"]

1. d4 d5 2. c4 c6 3. e3 Nf6 4. Nf3 a6 5. Bd3 Nbd7 6. 0-0 e6 7. Nbd2 Bd6 8. e4 dxe4 9. Nxe4 Nxe4 10. Bxe4 Nf6 11. Bc2 h6 12. Qe2 0-0 13. Rd1 Qe7 14. c5 Bc7 15. Ne5 Rd8 16. Rd3 Qf8 17. Rg3 Kh8 18. Be3 Bd7 19. Qf3 Be8 20. Bxh6 1-0

[Event "Skopje op"]
[Site "Skopje"]
[Date "1998.12.15"]
[Round "4"]
[White "Jankov, Dejan"]
[Black "Milosevic, Dragan"]
[Result "1-0"]
[WhiteElo "2245"]
[BlackElo "2070"]
[PlyCount "120"]
[EventDate "1998.12.??"]
[EventType "swiss"]
[EventRounds "9"]
[EventCountry "MKD"]
[SourceTitle "EXT 2000"]
[Source "ChessBase"]
[SourceDate "1999.11.16"]
[SourceVersion "1"]
[SourceVersionDate "1999.11.16"]
[SourceQuality "1"]

1. d4 d5 2. c4 e6 3. Nc3 Nf6 4. Nf3 Be7 5. Bf4 0-0 6. e3 a6 7. Qc2 c6 8. Bd3 Nbd7 9. 0-0-0 dxc4 10. Bxc4 Nb6 11. Bd3 Nbd5 12. Nxd5 cxd5 13. Kb1 Bd7 14. Ne5 Bb5 15. Rc1 Bd6 16. Bg5 Bxd3 17. Nxd3 Qb6 18. Bxf6 gxf6 19. Qb3 Qa7 20. Rc3 Rfd8 21. Nc5 Rab8 22. Rhc1 b5 23. Qd1 Kf8 24. Qf3 Ke7 25. e4 Bxc5 26. Rxc5 dxe4 27. Qxe4 Qa8 28. Qxh7 Rd7 29. d5 Rh8 30. d6+ Kxd6 31. Rd1+ Kxc5 32. Qc2+ Kb6 33. Rxd7 Rc8 34. Rd6+ Ka7 35. Qd3 Qb7 36. Qd4+ Ka8 37. Rb6 Qc7 38. Rxa6+ Kb8 39. Qb6+ Qb7 40. Qd6+ Qc7 41. Rb6+ Ka7 42. Qxc7+ Rxc7 43. Rxb5 f5 44. h4 Rc4 45. g3 Re4 46. Rc5 Re2 47. Rc2 Re1+ 48. Rc1 Re2 49. Rf1 f4 50. gxf4 Re4 51. h5 Rxf4 52. Rh1 Rd4 53. h6 Rd8 54. h7 Rh8 55. Kc2 Kb6 56. Kd3 Kc5 57. Ke4 Kd6 58. a4 Ke7 59. a5 f6 60. a6 Kf7 1-0